Educación no formal en América Latina

Saved in:
Bibliografiske detaljer
Format: Bog
Sprog:spansk
Udgivet: San José CEDAL 1976
Serier:Colección Seminarios y Documentos
Fag:
Tags: Tilføj Tag
Ingen Tags, Vær først til at tagge denne postø!

MARC

LEADER 00000nam a2200000 a 4500
001 UCY7889
003 CL-VaPUC
008 950622e19760000CR |||||||||||||||||spa|d
082 0 4 |a 371.04  |b EDU  |2 21 
245 1 0 |a Educación no formal en América Latina 
300 |a 114 p 
942 |c BK 
945 |d 19950622 00:00:00  |a rbrito 
260 |a San José  |b CEDAL  |c 1976 
650 7 |a EDUCACION NO FORMAL  |2 CL-VaPUC  |9 308640 
650 7 |a SEMINARIOS  |2 CL-VaPUC  |9 312362 
651 0 |a América Latina   |9 255027 
583 |a last modification  |c 19950622 00:00:00  |k Rodrigo Vera 
490 0 |a Colección Seminarios y Documentos 
999 |c 235187  |d 235185 
952 |0 0  |1 0  |4 0  |6 371_040000000000000_EDU_1976  |7 0  |8 P  |9 242421  |a BIBEDU  |b BIBEDU  |c BIBEDU_PB  |d 2019-11-18  |i 3097595  |o 371.04 EDU 1976  |p 3097595  |r 2024-01-25  |w 2019-11-18  |y BK  |k EDU